Essentials of Management Information System / (Record no. 95)

000 -LEADER
fixed length control field 00577nam a2200181Ia 4500
008 - FIXED-LENGTH DATA ELEMENTS--GENERAL INFORMATION
fixed length control field 190805s9999||||xx |||||||||||||| ||und||
020 ## - INTERNATIONAL STANDARD BOOK NUMBER
International Standard Book Number 9789332575387
Terms of availability Rs. 549.00
082 04 - DEWEY DECIMAL CLASSIFICATION NUMBER
Classification number 658.4038011
Item number L365
100 1# - MAIN ENTRY--PERSONAL NAME
Personal name Laudon, Kenneth C.
245 10 - TITLE STATEMENT
Title Essentials of Management Information System /
250 ## - EDITION STATEMENT
Edition statement 11th ed.
260 ## - PUBLICATION, DISTRIBUTION, ETC. (IMPRINT)
Place of publication, distribution, etc Noida :
Name of publisher, distributor, etc Pearson India Ltd.,
Date of publication, distribution, etc 2017
300 ## - PHYSICAL DESCRIPTION
Extent 501 p.
Other physical details : ill.
Dimensions ; 27.5 cm.
650 #0 - SUBJECT ADDED ENTRY--TOPICAL TERM
Topical term or geographic name as entry element Management Information System
Form subdivision Textbooks
700 1# - ADDED ENTRY--PERSONAL NAME
Personal name Laudon, Jane P.
852 ## - LOCATION/CALL NUMBER
Location
942 ## - ADDED ENTRY ELEMENTS (KOHA)
Item type Books
Holdings
Withdrawn status Lost status Damaged status Not for loan Collection code Permanent location Current location Shelving location Date acquired Source of acquisition Cost, normal purchase price Total Checkouts Full call number Barcode Date last seen Date last borrowed Koha item type Public note Total Renewals Source of classification or shelving scheme
        Management Studies IMU Kochi Library IMU Kochi Library General Stacks 2017-05-18 Sterling Book House 549.00 4 658.4038011 L365 BK002962 2023-05-24 2023-05-09 Books Gen. Shelf-30, Row-3    
        Management Studies IMU Kochi Library IMU Kochi Library General Stacks 2017-05-18 Sterling Book House 549.00 4 658.4038011 L365 BK002963 2025-06-09 2025-05-09 Books Gen. Shelf-30, Row-3 2  
        Management Studies IMU Kochi Library IMU Kochi Library General Stacks 2017-05-18 Sterling Book House 549.00 1 658.4038011 L365 BK002964 2025-03-11 2025-02-21 Books Gen. Shelf-30, Row-3 1  
        Management Studies IMU Kochi Library IMU Kochi Library General Stacks 2017-05-18 Sterling Book House 549.00 2 658.4038011 L365 BK002965 2025-02-25 2025-02-21 Books Gen. Shelf-30, Row-3    
        Management Studies IMU Kochi Library IMU Kochi Library General Stacks 2017-05-18 Sterling Book House 549.00 9 658.4038011 L365 BK002966 2024-02-28 2024-02-28 Books Gen. Shelf-30, Row-3    
        Management Studies IMU Kochi Library IMU Kochi Library General Stacks 2017-05-18 Sterling Book House 549.00   658.4038011 L365 BK002967 2019-08-05   Books Gen. Shelf-30, Row-3    
        Management Studies IMU Kochi Library IMU Kochi Library General Stacks 2017-05-18 Sterling Book House 549.00   658.4038011 L365 BK002968 2019-08-05   Books Gen. Shelf-30, Row-3    
        Management Studies IMU Kochi Library IMU Kochi Library General Stacks 2017-05-18 Sterling Book House 549.00   658.4038011 L365 BK002969 2019-08-05   Books Gen. Shelf-30, Row-3    
        Management Studies IMU Kochi Library IMU Kochi Library General Stacks 2017-05-18 Sterling Book House 549.00   658.4038011 L365 BK002970 2019-08-05   Books Gen. Shelf-30, Row-3    
        Management Studies IMU Kochi Library IMU Kochi Library General Stacks 2017-05-18 Sterling Book House 549.00 2 658.4038011 L365 BK002961 2023-06-05 2023-05-09 Books Gen. Shelf-30, Row-3 1  


Copyright © All Rights Reserved by Indian Maritime University, Kochi Campus.
For any Suggestions/Query Contact to library or Email: library.kochi@imu.ac.in Ph:(0484)-2989402
(Web OPAC Designed by Rudra Ranjan. Maintained by IMU Kochi Library)

Powered by Koha